<?xml version="1.0" encoding="UTF-8"?>
<collection xmlns="http://www.loc.gov/MARC21/slim">
 <record>
  <leader>01655pamaa2200277   4500</leader>
  <controlfield tag="001">0000046248</controlfield>
  <controlfield tag="005">20130815090000.0</controlfield>
  <controlfield tag="008">091111</controlfield>
  <datafield tag="020" ind1="0" ind2="0">
   <subfield code="a">9780781771832 / 0781771838 (CD-ROM) </subfield>
  </datafield>
  <datafield tag="090" ind1="0" ind2="0">
   <subfield code="a">RC78 </subfield>
   <subfield code="b">TOR 2010</subfield>
  </datafield>
  <datafield tag="100" ind1="1" ind2="0">
   <subfield code="a">Torres </subfield>
  </datafield>
  <datafield tag="245" ind1="1" ind2="0">
   <subfield code="a">Patient care in imaging technology [</subfield>
   <subfield code="m">CD-ROM]  </subfield>
   <subfield code="c">Lillian S.Torres,  Andrea Guillen Dutton, TerriAnn Linn-Watson.</subfield>
  </datafield>
  <datafield tag="250" ind1="0" ind2="0">
   <subfield code="a">7th ed.</subfield>
  </datafield>
  <datafield tag="260" ind1="0" ind2="0">
   <subfield code="a">Baltimore, Md.: </subfield>
   <subfield code="b">Wolters Kluwer Health/Lippincott Williams &amp; Wilkins, </subfield>
   <subfield code="c">2009.</subfield>
  </datafield>
  <datafield tag="300" ind1=" " ind2=" ">
   <subfield code="a">1 CD-ROM; </subfield>
   <subfield code="c">4.5 inch.</subfield>
  </datafield>
  <datafield tag="500" ind1="0" ind2="0">
   <subfield code="a">To accompany textbook titled &quot;Patient care in imaging technology / Lillian S.Torres,  Andrea Guillen Dutton, TerriAnn Linn-Watson&quot;</subfield>
  </datafield>
  <datafield tag="501" ind1="0" ind2="0">
   <subfield code="a">FMHS</subfield>
  </datafield>
  <datafield tag="505" ind1="0" ind2="0">
   <subfield code="a">Professional issues in imaging -- Patient assessment and communication in imaging -- Patient care and safety -- Infection control -- Surgical asepsis and the radiographer -- Vital signs and oxygen administration -- Basic electrocardiogram monitoring -- Medical emergencies -- Trauma and mobile radiographic considerations -- Pediatric radiographic considerations -- Geriatric radiographic considerations -- Patient care during urologic radiographic procedures -- Patient care during gastrointestinal radiographic procedures -- Caring for patients needing alternative medical treatments -- Pharmacology for the radiographer -- Care of patients during special procedures</subfield>
  </datafield>
  <datafield tag="650" ind1="0" ind2="0">
   <subfield code="a">Nursing </subfield>
  </datafield>
  <datafield tag="650" ind1="0" ind2="0">
   <subfield code="a">Radiology, Medical </subfield>
  </datafield>
  <datafield tag="650" ind1="0" ind2="0">
   <subfield code="a">Radiologic technologists </subfield>
  </datafield>
  <datafield tag="650" ind1="0" ind2="0">
   <subfield code="a">Technology, Radiologic -- </subfield>
   <subfield code="x">methods </subfield>
  </datafield>
  <datafield tag="650" ind1="0" ind2="0">
   <subfield code="a">Patient Care -- </subfield>
   <subfield code="x">methods </subfield>
  </datafield>
  <datafield tag="700" ind1="1" ind2="1">
   <subfield code="a">Dutton, </subfield>
   <subfield code="h">Andrea Guillen </subfield>
  </datafield>
  <datafield tag="700" ind1="1" ind2="1">
   <subfield code="a">Linn-Watson, </subfield>
   <subfield code="h">TerriAnn </subfield>
  </datafield>
  <datafield tag="901" ind1=" " ind2=" ">
   <subfield code="u">www.lww.com</subfield>
  </datafield>
 </record>
</collection>
